书目信息 |
| 题名: |
中国崛起之路
|
|
| 作者: | 胡鞍钢 著 | |
| 分册: | ||
| 出版信息: | 北京 北京大学出版社 2007 |
|
| 页数: | 11,395页 | |
| 开本: | 23cm | |
| 丛书名: | 大战略研究丛书 | |
| 单 册: | ||
| 中图分类: | D60 | |
| 科图分类: | ||
| 主题词: | 发展战略--研究--中国 , 发展战略 | |
| 电子资源: | ||
| ISBN: | 978-7-301-11536-7 | |
| 000 | 00937oam2 2200277 450 | |
| 001 | 003479604 | |
| 005 | 20120626153402.81 | |
| 010 | @a978-7-301-11536-7@dCNY52.00 | |
| 100 | @a20070608d2007 em y0chiy0110 ea | |
| 101 | 0 | @achi |
| 102 | @aCN@b110000 | |
| 105 | @ay z 000yy | |
| 106 | @ar | |
| 200 | 1 | @a中国崛起之路@9zhong guo jue qi zhi lu@dRoadmap of China's rising@f胡鞍钢著@zeng |
| 210 | @a北京@c北京大学出版社@d2007 | |
| 215 | @a11,395页@d23cm | |
| 225 | 2 | @a大战略研究丛书 |
| 330 | @a本书以国家生命周期理论为引导,从中国崛起的经济基础、社会基础、政治基础、外部环境以及中国崛起的战略构想等几个方面对中国崛起这一重要命题进行了全面的分析和论述。 | |
| 461 | 0 | @12001 @a大战略研究丛书 |
| 510 | 1 | @aRoadmap of China's rising@zeng |
| 606 | 0 | @a发展战略@x研究@y中国 |
| 606 | 0 | @a发展战略 |
| 690 | @aD60@v4 | |
| 701 | 0 | @a胡鞍钢@9hu an gang@f(1953~)@4著 |
| 801 | 0 | @aCN@bNLC@c20070731 |
| 905 | @b541395-99@dD60@e106@f5 | |
| 中国崛起之路=Roadmap of China's rising/胡鞍钢著.-北京:北京大学出版社,2007 |
| 11,395页;23cm.-(大战略研究丛书) |
| ISBN 978-7-301-11536-7:CNY52.00 |
| 本书以国家生命周期理论为引导,从中国崛起的经济基础、社会基础、政治基础、外部环境以及中国崛起的战略构想等几个方面对中国崛起这一重要命题进行了全面的分析和论述。 |
| ● |
| 相关链接 |
|
|
|
|
正题名:中国崛起之路
索取号:D60/106
 
预约/预借
| 序号 | 登录号 | 条形码 | 馆藏地/架位号 | 状态 | 备注 |
| 1 | 541395 | 205413952 | 第一样本阅览室/ [索取号:D60/106] | 在馆 | |
| 2 | 541396 | 205413961 | 第一借阅区/ [索取号:D60/106] | 在馆 | |
| 3 | 541397 | 205413970 | 第一借阅区/ [索取号:D60/106] | 在馆 | |
| 4 | 541398 | 205413989 | 第一借阅区/ [索取号:D60/106] | 在馆 | |
| 5 | 541399 | 205413998 | 第一借阅区/ [索取号:D60/106] | 在馆 |